Normal view
MARC view
- Ali Raza Khan
Entry Personal Name
001 - CONTROL NUMBER
- control field: 92189
003 - CONTROL NUMBER IDENTIFIER
- control field: NUST
005 - DATE AND TIME OF LATEST TRANSACTION
- control field: 20220702161516.0
008 - FIXED-LENGTH DATA ELEMENTS
- fixed length control field: 220702|| aca||aabn | a|a d
040 ## - CATALOGING SOURCE
- Original cataloging agency: NUST
- Transcribing agency: NUST
100 ## - HEADING--PERSONAL NAME
- Personal name: Ali Raza Khan
670 ## - SOURCE DATA FOUND
- Source citation: Work cat.: (NUST)10260: Ali Raza Khan, Service delivery platform (SPD) for mobile devices, 2006.
